The heart of listening (Record no. 200397)
[ view plain ]
| 000 -LEADER | |
|---|---|
| fixed length control field | 01250nam a2200337Ia 4500 |
| 100 1# - MAIN ENTRY--AUTHOR NAME | |
| Personal name | Pearmain, Rosalind. |
| 245 14 - TITLE STATEMENT | |
| Title | The heart of listening |
| 260 ## - PUBLICATION, DISTRIBUTION, ETC. (IMPRINT) | |
| Place of publication | London ; |
| -- | New York : |
| Name of publisher | Continuum, |
| Year of publication | 2001. |
| 300 ## - PHYSICAL DESCRIPTION | |
| Number of Pages | xiv, 144 p. |
| 490 1# - SERIES STATEMENT | |
| Series statement | SPC series |
| 650 #0 - SUBJECT ADDED ENTRY--TOPICAL TERM | |
| Topical Term | Psychotherapy |
| Topical Term | Interpersonal relations. |
| 856 40 - ELECTRONIC LOCATION AND ACCESS | |
| Uniform Resource Identifier | http://site.ebrary.com/lib/rucke/Doc?id=10567031 |
No items available.
